00432nam a22001697a 450000500170000001000150001702000260003203500140005803700130007208200060008510000170009124500320010826000330014027000550017330000220022865000120025020180713145322.0 aENG-123514 a9789387164239c250.00 aEN-107046 bDBAD/PUB aN aBarrie, J.M. aPeter pan /cby J.M. Barrie aNew DelhibTalking Cubc2017 a4381/4 Ansari Road, Daryaganj,bNew Delhie110002 ax, 204p.c19(pbk) aFiction